Fuegos de artificio (Registro nro. 6223)

Detalles MARC
000 -LEADER
fixed length control field 01035 a2200229 4500
001 - CONTROL NUMBER
control field 57696
005 - DATE AND TIME OF LATEST TRANSACTION
control field 20260407155836.0
008 - FIXED-LENGTH DATA ELEMENTS--GENERAL INFORMATION
fixed length control field 260407a1992 arg spa d
003 - CONTROL NUMBER IDENTIFIER
control field AR-UNSa-BCEJYS
040 ## - CATALOGING SOURCE
Original cataloging agency AR-UNSa-BCEJYS
Language of cataloging spa
Transcribing agency AR-UNSa-BCEJYS
080 ## - UNIVERSAL DECIMAL CLASSIFICATION NUMBER
Universal Decimal Classification number 338.23:336.74
Common auxiliary subdivision Política monetaria
020 ## - INTERNATIONAL STANDARD BOOK NUMBER
International Standard Book Number 950-742-194-7
041 ## - LANGUAGE CODE
Language code of text/sound track or separate title spa
100 1# - MAIN ENTRY--PERSONAL NAME
Personal name Muchnik, Daniel
245 10 - TITLE STATEMENT
Title Fuegos de artificio
Name of part/section of a work las zonas erróneas del plan de convertibilidad
250 ## - EDITION STATEMENT
Edition statement 2a. ed.
264 #1 - PRODUCTION, PUBLICATION, DISTRIBUTION, MANUFACTURE, AND COPYRIGHT NOTICE
Place of production, publication, distribution, manufacture Buenos Aires :
Name of producer, publisher, distributor, manufacturer Planeta
Date of production, publication, distribution, manufacture, or copyright notice 1992
300 ## - PHYSICAL DESCRIPTION
Extent 194 p.
Dimensions 23 cm.
505 ## - FORMATTED CONTENTS NOTE
Formatted contents note 1. Radiografía de la convertibilidad – 2. La anhelada deflación – 3. Reagan y Thatcher – 4. La crisis bancaria y financiera – 5. ¿Reactivación sin inversión? – 6. El bosque musical – 7. Cada cual atiende su juego – 8. Privatizaciones amargas – 9. La desregulación: una devaluación encubierta – 10. Salarios, ocupación cuentapropismo – 11. Complejidades del sector externo
590 ## - LOCAL NOTE (RLIN)
Local note niveau_biblio:m niveau_hierar:0
942 ## - ADDED ENTRY ELEMENTS (KOHA)
Koha item type
Existencias
Withdrawn status Lost status Damaged status Not for loan Home library Current library Shelving location Date acquired Total checkouts Full call number Barcode Date last seen Price effective from Koha item type
        Biblioteca Prof. Eusebio Cleto del Rey Biblioteca Prof. Eusebio Cleto del Rey   07/04/2026   338.23:336.74 M942 L128797 07/04/2026 07/04/2026 Libro